000 00583nam a22001817a 4500
005 20251108165251.0
008 250721s1996 xx 000 0 ara d
082 1 4 _a573/كوف
100 1 _aكوفحي، قاسم محمد
_eمؤلف
245 1 0 _aمدخل إلى الأنثروبولوجيا العضوية :
_bتاريخ الإنسان الطبيعي /
264 1 _aإربد :
_c1996.
300 _a156ص.
650 1 7 _aالأنثروبولوجيا
650 1 7 _aالإنسان
700 1 _aطبيشات، محمد عايد
_eمؤلف
942 _2ddc
_cBK
999 _c23669
_d23669